02559cam a2200541 i 4500001001200000003000600012005001700018008004100035020004800076035002200124035002300146040007100169045001700240046000900257245014600266260009200412300004400504336002700548337005400575338002800629380001600657380002300673388001000696490008500706490012700791504001200918610003200930648001900962650003400981650006001015650003601075650003501111650007101146650007101217650005501288650005501343650003801398650006401436650006401500651001601564655002401580658001301604700004601617700004701663710013001710830008301840830009401923xx005000333NUKAT20260428110117.0201118s2020 pl a |001 0 pol c a9788380981942q(oprawa twarda) :czł 45,00 a(OCoLC)1225225755 a(NUKAT)xx005000333 aKR 253/MHbpolerdacKR 253/MHdŁ U/JSsdWA 14/ABsdOLSZT 008/bak2 bd1918bd1989 k202000aKościół wobec niepodległości Polski 1918-1989 :bludzie - miejsca - wydarzenia /credakcja Krzysztof Sychowicz, Jarosław Wasilewski. aBiałystok ;aWarszawa :bInstytut Pamięci Narodowej. Oddział w Białymstoku,c2020. a423, [1] strona :bilustracje ;c21 cm. aTekstbtxt2rdacontent aBez urządzenia pośredniczącegobn2rdamedia aWoluminbnc2rdacarrier aKsiążki aPublikacje naukowe1 a2001-1 aSeria Wydawnicza Oddziału Instytutu Pamięci Narodowej w Białymstoku ;vt. 481 aCentralny Projekt Badawczy IPN - Władze Komunistyczne wobec Kościołów i Związków Wyznaniowych w Polsce 1944-1989 aIndeks.27aKościół katolicki2DBN 7a1901-20002DBN 7aKościół a państwo2DBN 7aOdzyskanie niepodległości przez Polskę (1918)2DBN 7aRuchy niepodległościowe2DBN 7aSuwerenność państwa2DBN 7aKościół i państwoxKościół katolickiy1900-1945.2kaba 7aKościół i państwoxKościół katolickiy1945-1990.2kaba 7aKościół i państwozPolskay1900-1945.2kaba 7aKościół i państwozPolskay1945-1990.2kaba 7aKwestia polska (1795-1918).2kaba 7aDuchowieństwoxprześladowaniazPolskay1900-1945.2kaba 7aDuchowieństwoxprześladowaniazPolskay1945-1990.2kaba 7aPolska2DBN 7aPraca zbiorowa2DBN aHistoria1 aSychowicz, Krzysztofd(1969- ).eRedakcja1 aWasilewski, Jarosławd(1978- ).eRedakcja2 aInstytut Pamięci Narodowej - Komisja Ścigania Zbrodni przeciwko Narodowi Polskiemu.bOddział (Białystok).eWydawca4pbl 0aSeria Wydawnicza Oddziału Instytutu Pamięci Narodowej w Białymstokuvt. 48 0aWładze Komunistyczne wobec Kościołów i Związków Wyznaniowych w Polsce 1944-1989